Sri Krishna: The lord of Guruvayaur (Record no. 38621)

MARC details
000 -LEADER
fixed length control field 00294nam a2200109Ia 4500
082 ## - DEWEY DECIMAL CLASSIFICATION NUMBER
Classification number 291.214
Item number VAI
100 ## - MAIN ENTRY--AUTHOR NAME
Personal name VAIDYANATHAN, K R
245 #0 - TITLE STATEMENT
Title Sri Krishna: The lord of Guruvayaur
260 ## - PUBLICATION, DISTRIBUTION, ETC. (IMPRINT)
Place of publication Bombay
Name of publisher Bharatiya Vidyabhavan
Year of publication 1974
942 ## - ADDED ENTRY ELEMENTS (KOHA)
Koha item type Books
Holdings
Withdrawn status Lost status Damaged status Not for loan Home library Current library Date acquired Full call number Accession Number Koha item type
        RRII Library RRII Library 16/12/2021 291.214 VAI 18976 Books